[Event "Linares 75/350"]
[Site "?"]
[Date "1999.??.??"]
[Round "?"]
[White "Kramnik, Vladimir"]
[Black "Anand, Viswanathan"]
[Result "1/2-1/2"]
[WhiteElo "2751"]
[BlackElo "2781"]
[PlyCount "37"]
[EventDate "1999.??.??"]
[Source "ChessBase"]
[SourceDate "1999.02.01"]

1. d4 d5 2. c4 dxc4 3. Nf3 a6 4. e3 e6 5. Bxc4 c5 6. d5 b5 7. Bb3 exd5 8. Qxd5 Qxd5 9. Bxd5 Ra7 10. e4 Nf6 11. O-O Nxd5 12. exd5 f6 13. Nc3 Kf7 14. Bf4 Nd7 15. Rfd1 Bb7 16. Rac1 Ra8 17. a4 b4 18. Ne4 Re8 19. Nd6+ 1/2-1/2

[Event "It (cat.14)"]
[Site "It (cat.14)"]
[Date "1984.??.??"]
[Round "?"]
[White "Andersson, Ulf"]
[Black "Timman, Jan Hein"]
[Result "1/2-1/2"]
[WhiteElo "2630"]
[BlackElo "2610"]
[PlyCount "144"]
[EventDate "1984.??.??"]
[Source "www.chesslib.no"]
[SourceDate "2004.05.04"]

1. Nf3 d5 2. d4 Nf6 3. c4 dxc4 4. e3 Bg4 5. Bxc4 e6 6. h3 Bh5 7. Nc3 a6 8. g4 Bg6 9. Ne5 Nbd7 10. Nxg6 hxg6 11. Bf1 c5 12. Bg2 Qc7 13. Bd2 cxd4 14. exd4 Bd6 15. Rc1 Qb6 16. d5 Nxd5 17. Nxd5 exd5 18. O-O O-O 19. Be3 Qb5 20. Qxd5 Qxd5 21. Bxd5 Rab8 22. Rfd1 Be5 23. b3 Nf6 24. Bf3 Rfe8 25. a4 Re7 26. Kg2 Nd7 27. Rd5 Rbe8 28. Rcd1 Nf6 29. Rd8 Kh7 30. Rxe8 Nxe8 31. Bc5 Rc7 32. Bb6 Rc3 33. Bxb7 Rxb3 34. a5 Nc7 35. h4 Rb4 36. Bc8 Ne6 37. Bxa6 Rxg4+ 38. Kf1 Bd4 39. Bxd4 Nxd4 40. Bb7 Rxh4 41. a6 Nb5 42. Rd8 Kh6 43. Rd7 f6 44. Bc6 Rh5 45. Rd5 Rxd5 46. Bxd5 g5 47. Bb7 f5 48. Ke2 g4 49. Kd3 f4 50. Kc4 Na7 51. Kc5 g3 52. fxg3 fxg3 53. Kb6 Nc8+ 54. Kc7 Na7 55. Kb6 Nc8+ 56. Kc7 Na7 57. Be4 Kh5 58. Bg2 Kg5 59. Bf1 g6 60. Kb8 Nb5 61. Kb7 Kf6 62. Bxb5 g2 63. a7 g1=Q 64. a8=Q Qg2+ 65. Bc6 Qb2+ 66. Kc8 Qe5 67. Qa4 Qe6+ 68. Bd7 Qe5 69. Qc6+ Kf7 70. Qc4+ Kf6 71. Kb7 Kg7 72. Qd3 Qb2+ 1/2-1/2

[Event "Porz"]
[Site "Porz GER"]
[Date "1982.??.??"]
[Round "6"]
[White "Tal, Mikhail N"]
[Black "Hort, Vlastimil"]
[Result "1/2-1/2"]
[WhiteElo "2605"]
[BlackElo "2590"]
[PlyCount "38"]
[EventDate "1981.12.??"]
[Source "www.chesslib.no"]
[SourceDate "2004.05.04"]

1. Nf3 d5 2. d4 Nf6 3. c4 dxc4 4. e3 Bg4 5. Bxc4 e6 6. Nc3 a6 7. h3 Bh5 8. O-O Nc6 9. Be2 Bd6 10. b3 O-O 11. Bb2 Qe7 12. Nd2 Bxe2 13. Qxe2 Nd5 14. Nc4 Nxc3 15. Bxc3 Rad8 16. Rac1 Qh4 17. Na5 Nxa5 18. Bxa5 Rd7 19. Rfd1 Qg5 1/2-1/2

[Event "Stip"]
[Site "Stip"]
[Date "1977.11.??"]
[Round "12"]
[White "Quinteros, Miguel A"]
[Black "Hort, Vlastimil"]
[Result "1/2-1/2"]
[WhiteElo "2555"]
[BlackElo "2620"]
[PlyCount "31"]
[EventDate "1977.11.??"]
[Source "www.chesslib.no"]
[SourceDate "2004.05.04"]

1. d4 d5 2. c4 dxc4 3. Nf3 Nf6 4. e3 Bg4 5. Bxc4 e6 6. O-O a6 7. h3 Bh5 8. Be2 Nc6 9. Nc3 Bd6 10. b3 O-O 11. Bb2 Qe7 12. Nd2 Bxe2 13. Qxe2 Nd5 14. Nde4 Nxc3 15. Bxc3 Rfd8 16. Rac1 1/2-1/2

[Event "IBM"]
[Site "Amsterdam"]
[Date "1978.??.??"]
[Round "8"]
[White "Browne, Walter S"]
[Black "Romanishin, Oleg M"]
[Result "0-1"]
[WhiteElo "2550"]
[BlackElo "2610"]
[PlyCount "120"]
[EventDate "1978.07.??"]
[Source "ChessBase"]

1. d4 d5 2. c4 dxc4 3. Nf3 Nf6 4. e3 Bg4 5. Bxc4 e6 6. h3 Bh5 7. Nc3 a6 8. O-O c5 9. Be2 Nc6 10. Ne5 Bxe2 11. Qxe2 Rc8 12. Rd1 cxd4 13. Nxc6 Rxc6 14. Rxd4 Bd6 15. Bd2 O-O 16. Rd1 Qc7 17. Be1 Bh2+ 18. Kh1 Be5 19. R4d3 h6 20. Kg1 Rc8 21. f4 Bd6 22. Bh4 Ne8 23. Kh1 Rc4 24. Be1 Qb6 25. b3 R4c6 26. Ne4 Be7 27. Rd7 R6c7 28. Kh2 f5 29. Ng3 Nf6 30. R7d2 Rc3 31. Bf2 Qc6 32. Re1 Bb4 33. Red1 Rc2 34. Rxc2 Qxc2 35. Be1 Qxe2 36. Nxe2 Ba3 37. Nd4 Kf7 38. Rd3 Rc1 39. Bh4 Ne4 40. b4 Rc3 41. Rxc3 Nxc3 42. Nc2 Bc1 43. a3 Nd1 44. Kg3 Nxe3 45. Nxe3 Bxe3 46. Kf3 Bd2 47. Bf2 b5 48. Be3 Bc3 49. Ke2 Ke7 50. Kd3 Bf6 51. Bc5+ Kd7 52. Be3 Kd6 53. Bd2 Kd5 54. Bc1 g5 55. g3 g4 56. hxg4 fxg4 57. Bd2 h5 58. Be3 Bb2 59. Bd2 Bd4 60. Be3 e5 0-1

[Event "Moscow-ch"]
[Site "Moscow"]
[Date "1981.??.??"]
[Round "17"]
[White "Razuvaev, Yuri S"]
[Black "Gulko, Boris F"]
[Result "1/2-1/2"]
[WhiteElo "2525"]
[BlackElo "2590"]
[PlyCount "34"]
[EventDate "1981.06.??"]
[Source "ChessBase"]

1. d4 d5 2. Nf3 Nf6 3. c4 dxc4 4. e3 Bg4 5. Bxc4 e6 6. O-O a6 7. Nc3 c5 8. dxc5 Qxd1 9. Rxd1 Bxc5 10. Be2 Nc6 11. b3 O-O 12. Bb2 Rfd8 13. Kf1 Be7 14. Rac1 Rxd1+ 15. Rxd1 Rd8 16. Rxd8+ Bxd8 17. Nd2 Bxe2+ 1/2-1/2

[Event "Metz FRA"]
[Site "?"]
[Date "2006.04.30"]
[Round "9"]
[White "Shchekachev Andrei"]
[Black "Karpatchev Aleksandr"]
[Result "1-0"]
[WhiteElo "2592"]
[BlackElo "2521"]
[PlyCount "65"]
[EventDate "2006.??.??"]
[Source "www.chesslib.no"]
[SourceDate "2004.05.04"]

1. Nf3 d5 2. d4 Nf6 3. c4 dxc4 4. e3 Bg4 5. Bxc4 e6 6. O-O a6 7. h3 Bh5 8. Qe2 Nc6 9. Rd1 Be7 10. Nc3 O-O 11. a3 Bd6 12. g4 Bg6 13. e4 Be7 14. Bf4 Re8 15. Rac1 Nd7 16. Ba2 Bd6 17. e5 Bf8 18. d5 exd5 19. Bxd5 Kh8 20. h4 h5 21. e6 Bd6 22. Bxd6 cxd6 23. Bxc6 Rxe6 24. Be4 Qe8 25. Ng5 Re7 26. gxh5 Bxe4 27. Ncxe4 f6 28. Nxd6 Rxe2 29. Nxe8 fxg5 30. Rxd7 Raxe8 31. hxg5 Rf8 32. h6 gxh6 33. Rcc7 1-0

[Event "Sants"]
[Site "?"]
[Date "2006.08.01"]
[Round "8"]
[White "Leitao Rafael"]
[Black "Kunin Vitaly"]
[Result "1/2-1/2"]
[WhiteElo "2598"]
[BlackElo "2494"]
[PlyCount "55"]
[EventDate "2006.??.??"]
[Source "www.chesslib.no"]
[SourceDate "2004.05.04"]

1. d4 d5 2. c4 dxc4 3. Nf3 Nf6 4. e3 Bg4 5. Bxc4 e6 6. Nc3 a6 7. h3 Bh5 8. O-O Nc6 9. Be2 Bd6 10. b3 O-O 11. Bb2 Qe7 12. Rc1 Rad8 13. Ne5 Bxe2 14. Nxc6 Bxd1 15. Nxe7+ Bxe7 16. Rfxd1 Rd7 17. Na4 Rfd8 18. Kf1 Ne4 19. f3 Ng3+ 20. Kf2 Bh4 21. Nc5 Ne4+ 22. Ke2 Nxc5 23. dxc5 Rxd1 24. Rxd1 Rxd1 25. Kxd1 c6 26. Ke2 Be7 27. b4 g6 28. Kd3 1/2-1/2

[Event "4th LGA Premium Cup"]
[Site "Nuernberg GER"]
[Date "2007.09.08"]
[Round "5"]
[White "Buhmann, R."]
[Black "Kunin, V."]
[Result "0-1"]
[WhiteElo "2583"]
[BlackElo "2507"]
[PlyCount "128"]
[EventDate "2007.09.06"]
[Source "www.chesslib.no"]
[SourceDate "2004.05.04"]

1. Nf3 d5 2. d4 Nf6 3. c4 dxc4 4. e3 Bg4 5. Bxc4 e6 6. Nc3 a6 7. h3 Bh5 8. g4 Bg6 9. Ne5 Nbd7 10. Nxg6 hxg6 11. Bf1 c6 12. Bg2 Bd6 13. O-O Qe7 14. f4 O-O-O 15. Qe2 Bc7 16. b4 e5 17. dxe5 Nxe5 18. b5 axb5 19. Nxb5 cxb5 20. Qxb5 Nc6 21. Rb1 Rd6 22. g5 Nh5 23. Qxb7+ Kd7 24. Rb6 Na5 25. Rxd6+ Qxd6 26. Qb5+ Kc8 27. Bf3 Qb6 28. Qd5 Rd8 29. Qa8+ Bb8 30. Rf2 Kd7 31. Qe4 Ng3 32. Bg4+ Nf5 33. Rd2+ Bd6 34. Ba3 Kc7 35. Rc2+ Nc6 36. Bf3 Nfe7 37. Bxd6+ Kxd6 38. Kg2 f6 39. Qd3+ Kc7 40. Qa3 Rd6 41. Rb2 Rd3 42. Rb3 Rxb3 43. Qxb3 Qxb3 44. axb3 fxg5 45. fxg5 Kd6 46. Kg3 Ke5 47. h4 Nf5+ 48. Kf2 Nb4 49. h5 gxh5 50. Bxh5 Nd6 51. Bg6 Ne4+ 52. Kf3 Nxg5+ 53. Kg4 Ne6 54. Bf7 Nf8 55. Kf3 Nd7 56. Kg4 Ke4 57. Kg5 Ne5 58. Be6 Kxe3 59. Kf5 Kd4 60. Bg8 Nc2 61. Be6 Nb4 62. Bg8 Nbc6 63. Be6 Kc5 64. Bg8 Ne7+ 0-1

[Event "Pulvermuehle 2nd"]
[Site "Pulvermuehle"]
[Date "2004.02.22"]
[Round "5"]
[White "Doettling, Fabian"]
[Black "Conquest, Stuart"]
[Result "0-1"]
[WhiteElo "2532"]
[BlackElo "2543"]
[PlyCount "64"]
[EventDate "2004.02.19"]
[Source "ChessBase"]
[SourceDate "2004.06.01"]

1. d4 Nf6 2. Nf3 d5 3. c4 dxc4 4. e3 Bg4 5. Bxc4 e6 6. h3 Bh5 7. Nc3 a6 8. g4 Bg6 9. Ne5 Nbd7 10. Nxg6 hxg6 11. Bf1 c6 12. Bg2 Qc7 13. O-O Rd8 14. g5 Nh5 15. Qg4 Nb6 16. Rd1 Be7 17. Ne4 Nd5 18. Bd2 O-O 19. Rac1 Qb6 20. Rc2 Rfe8 21. b3 Bf8 22. Nc5 Qc7 23. Nd3 Qb8 24. b4 Bd6 25. Rb1 Nb6 26. Bc3 Bh2+ 27. Kh1 Bc7 28. Ba1 Qc8 29. Nc5 Bb8 30. Kg1 Qc7 31. a4 Nd5 32. Nd3 Qh2+ 0-1

[Event "Las Palmas op"]
[Site "Las Palmas"]
[Date "1996.??.??"]
[Round "4"]
[White "San Segundo Carrillo, Pablo"]
[Black "Romanishin, Oleg M"]
[Result "1/2-1/2"]
[WhiteElo "2505"]
[BlackElo "2555"]
[PlyCount "38"]
[EventDate "1996.11.??"]
[Source "www.chesslib.no"]
[SourceDate "2004.05.04"]

1. d4 Nf6 2. Nf3 d5 3. c4 dxc4 4. e3 Bg4 5. Bxc4 e6 6. h3 Bh5 7. Nc3 a6 8. g4 Bg6 9. Ne5 Nbd7 10. Nxg6 hxg6 11. Bf1 c6 12. Bg2 Qc7 13. Bd2 Nd5 14. Rc1 Nxc3 15. bxc3 Be7 16. c4 O-O 17. O-O e5 18. d5 cxd5 19. cxd5 Bc5 1/2-1/2

[Event "Yerevan"]
[Site "Erevan ARM"]
[Date "1988.??.??"]
[Round "?"]
[White "Petrosian, Arshak B"]
[Black "Romanishin, Oleg M"]
[Result "1/2-1/2"]
[WhiteElo "2480"]
[BlackElo "2570"]
[PlyCount "27"]
[EventDate "1988.05.??"]
[Source "www.chesslib.no"]
[SourceDate "2004.05.04"]

1. d4 d5 2. c4 dxc4 3. Nf3 Nf6 4. e3 Bg4 5. Bxc4 e6 6. Nc3 a6 7. h3 Bh5 8. O-O c5 9. Be2 Nc6 10. b3 Be7 11. Bb2 O-O 12. dxc5 Bxc5 13. Qxd8 Rfxd8 14. Rfd1 1/2-1/2

[Event "Pamplona op"]
[Site "Pamplona"]
[Date "2000.??.??"]
[Round "6"]
[White "Cifuentes Parada, Roberto"]
[Black "Conquest, Stuart"]
[Result "0-1"]
[WhiteElo "2483"]
[BlackElo "2563"]
[PlyCount "78"]
[EventDate "2000.??.??"]
[Source "www.chesslib.no"]
[SourceDate "2004.05.04"]

1. d4 Nf6 2. Nf3 d5 3. c4 dxc4 4. e3 Bg4 5. Bxc4 e6 6. h3 Bh5 7. Nc3 a6 8. g4 Bg6 9. Ne5 Nbd7 10. Nxg6 hxg6 11. Qf3 c6 12. Bd2 Bb4 13. a3 Bd6 14. g5 Nh5 15. h4 a5 16. Ba2 Qe7 17. Rc1 Bc7 18. Ne4 a4 19. Nc5 Nxc5 20. dxc5 O-O 21. Qe4 Kh8 22. Bb4 e5 23. Rg1 Ba5 24. Rc2 Bxb4+ 25. Qxb4 Kh7 26. Rd2 e4 27. Rd4 f5 28. gxf6 Qxf6 29. Qd2 Qxh4 30. Bb1 Qh2 31. Rf1 Ng3 32. Bxe4 Nxf1 33. Kxf1 Rae8 34. Bg2 Re5 35. Qb4 Rh5 36. Qxb7 Qg3 37. Rf4 Rxf4 38. exf4 Qd3+ 39. Ke1 Rxc5 0-1

[Event "Moscow RUS"]
[Site "?"]
[Date "2004.02.20"]
[Round "4"]
[White "Lysyj Igor"]
[Black "Belozerov Andrei"]
[Result "1/2-1/2"]
[WhiteElo "2485"]
[BlackElo "2548"]
[PlyCount "65"]
[EventDate "2004.??.??"]
[Source "www.chesslib.no"]
[SourceDate "2004.05.04"]

1. Nf3 d5 2. d4 Nf6 3. c4 dxc4 4. e3 Bg4 5. Bxc4 e6 6. h3 Bh5 7. Nc3 a6 8. g4 Bg6 9. Ne5 Nbd7 10. Nxg6 hxg6 11. Bf1 c5 12. Bg2 cxd4 13. exd4 Qc7 14. O-O Bd6 15. Be3 O-O 16. Rc1 Qa5 17. d5 Rae8 18. g5 Nh5 19. Ne4 Bb8 20. d6 Qxa2 21. b4 Rd8 22. Nc5 Ne5 23. Nxb7 Rd7 24. Qd4 f6 25. f4 Ng3 26. Rf2 Ne2+ 27. Kh1 Nf7 28. Qd1 Ng3+ 29. Kh2 Qa3 30. Bc5 Nf5 31. Rf3 Qa2 32. Rf2 Qa3 33. Rf3 1/2-1/2

[Event "XIX Czech Chladek & Tintera A Open"]
[Site "Pardubice CEC"]
[Date "2008.07.26"]
[Round "9"]
[White "Bogner, S."]
[Black "Stocek, J."]
[Result "0-1"]
[WhiteElo "2467"]
[BlackElo "2559"]
[PlyCount "92"]
[EventDate "2008.07.18"]
[Source "www.chesslib.no"]
[SourceDate "2004.05.04"]

1. Nf3 d5 2. d4 Nf6 3. c4 dxc4 4. e3 Bg4 5. Bxc4 e6 6. O-O a6 7. Be2 Nc6 8. b3 Bd6 9. Bb2 Qe7 10. Nbd2 Rd8 11. Nc4 O-O 12. Nxd6 cxd6 13. Rc1 h6 14. Ba3 Qc7 15. Nd2 Bxe2 16. Qxe2 Rfe8 17. Nc4 b5 18. Nb2 Qd7 19. Nd3 Rc8 20. Rc2 Rc7 21. Rfc1 Rec8 22. Bb2 Ne7 23. f3 Rxc2 24. Rxc2 Rc7 25. Qd2 Qc8 26. Rxc7 Qxc7 27. Qc3 Qb6 28. Qd2 a5 29. Kf1 b4 30. Ke2 Qb5 31. Qc1 Qh5 32. Qg1 Ng6 33. Bc1 Qb5 34. Bd2 e5 35. e4 d5 36. exd5 e4 37. fxe4 Nxe4 38. Qe3 Qxd5 39. Be1 Nf6 40. Qf3 Qxd4 41. Bf2 Qc3 42. Qe3 Nd5 43. Qd2 Qa1 44. Nc1 Nc3+ 45. Kf3 Ne5+ 46. Ke3 Ng4+ 0-1

[Event "SVK-chT 0203"]
[Site "?"]
[Date "2003.??.??"]
[Round "11"]
[White "Markos Jan"]
[Black "Stocek Jiri"]
[Result "0-1"]
[WhiteElo "2467"]
[BlackElo "2555"]
[PlyCount "82"]
[EventDate "2003.??.??"]
[Source "www.chesslib.no"]
[SourceDate "2004.05.04"]

1. d4 d5 2. c4 dxc4 3. Nf3 Nf6 4. e3 Bg4 5. Bxc4 e6 6. Nc3 a6 7. h3 Bh5 8. g4 Bg6 9. Ne5 Nbd7 10. Nxg6 hxg6 11. Qf3 Rb8 12. g5 Nh5 13. h4 c5 14. Bb3 cxd4 15. exd4 Bb4 16. Bd2 O-O 17. O-O-O b5 18. d5 e5 19. a3 Bxc3 20. Bxc3 a5 21. Qe3 b4 22. axb4 axb4 23. Bxe5 Re8 24. f4 Nxf4 25. Qxf4 Nxe5 26. d6 Qa5 27. d7 Qa1+ 28. Kc2 Rec8+ 29. dxc8=Q+ Rxc8+ 30. Kd2 Qxb2+ 31. Ke1 Re8 32. Kf1 Qxb3 33. Re1 Re6 34. Kg2 Qc2+ 35. Kg3 Nd3 36. Qb8+ Kh7 37. Rxe6 Qf2+ 38. Kh3 Qf3+ 39. Kh2 Qf2+ 40. Kh3 Qf3+ 41. Kh2 Nf4 0-1

[Event "Arctic Chess Challenge 2008"]
[Site "Tromsø NOR"]
[Date "2008.08.10"]
[Round "9"]
[White "Kasparov, Sergey"]
[Black "Kunin, Vitaly"]
[Result "1/2-1/2"]
[WhiteElo "2486"]
[BlackElo "2532"]
[PlyCount "22"]
[EventDate "2008.08.02"]
[Source "www.chesslib.no"]
[SourceDate "2004.05.04"]

1. d4 d5 2. c4 dxc4 3. Nf3 Nf6 4. e3 Bg4 5. Bxc4 e6 6. O-O a6 7. Nc3 Nc6 8. h3 Bh5 9. Be2 Bd6 10. b3 O-O 11. Bb2 Qe7 1/2-1/2

[Event "It (open)"]
[Site "?"]
[Date "2005.08.12"]
[Round "7"]
[White "Khmelniker Ilya"]
[Black "Romanishin Oleg M"]
[Result "1/2-1/2"]
[WhiteElo "2447"]
[BlackElo "2570"]
[PlyCount "65"]
[EventDate "2005.??.??"]
[Source "www.chesslib.no"]
[SourceDate "2004.05.04"]

1. d4 d5 2. Nf3 Nf6 3. c4 dxc4 4. e3 Bg4 5. Bxc4 e6 6. Nc3 a6 7. h3 Bh5 8. O-O Nc6 9. Be2 Bd6 10. Nd2 Bg6 11. Nc4 O-O 12. Nxd6 cxd6 13. Bd2 e5 14. d5 Ne7 15. Qb3 Rb8 16. a4 Ne4 17. Be1 Qd7 18. a5 Nc5 19. Qa3 Rfc8 20. f3 Qd8 21. e4 f5 22. b4 Nd7 23. Bf2 Nf6 24. Rfc1 fxe4 25. Bb6 Qe8 26. fxe4 Nxe4 27. Nxe4 Rxc1+ 28. Rxc1 Bxe4 29. Bc7 Rc8 30. Bg4 Bf5 31. Bxd6 Bxg4 32. Bxe7 Qxe7 33. hxg4 1/2-1/2

[Event "HUN-ch"]
[Site "Budapest"]
[Date "1981.??.??"]
[Round "?"]
[White "Pinter, Jozsef"]
[Black "Forintos, Gyozo V"]
[Result "1-0"]
[WhiteElo "2550"]
[BlackElo "2465"]
[PlyCount "81"]
[EventDate "1981.06.??"]
[Source "ChessBase"]

1. d4 d5 2. c4 dxc4 3. Nf3 Nf6 4. e3 Bg4 5. Bxc4 e6 6. h3 Bh5 7. Nc3 a6 8. g4 Bg6 9. Ne5 Nbd7 10. Nxg6 hxg6 11. Bf1 c5 12. Bg2 cxd4 13. exd4 Qb6 14. O-O Bd6 15. d5 e5 16. g5 Nh5 17. Ne4 Nf4 18. Be3 Qb4 19. Qg4 Nxg2 20. Kxg2 Ke7 21. Bd2 Qb5 22. Nxd6 Kxd6 23. Bb4+ Kc7 24. Be7 f5 25. Rac1+ Kb8 26. Qc4 Nb6 27. Bd6+ Ka7 28. Bc5 Rac8 29. b3 Qxc4 30. Rxc4 a5 31. Rfc1 Rcd8 32. b4 Ka6 33. Bxb6 Kxb6 34. bxa5+ Ka6 35. Rc5 Rh5 36. Rb1 Rd6 37. Rc8 Rxg5+ 38. Kf3 Kxa5 39. Rxb7 Rg1 40. Rb3 e4+ 41. Kf4 1-0

[Event "Liberation tourn"]
[Site "Zagreb CRO"]
[Date "1971.??.??"]
[Round "1"]
[White "Tukmakov, Vladimir B"]
[Black "Bukal, Vladimir sr"]
[Result "1/2-1/2"]
[WhiteElo "2580"]
[BlackElo "2430"]
[PlyCount "82"]
[EventDate "1971.04.??"]
[Source "www.chesslib.no"]
[SourceDate "2004.05.04"]

1. d4 d5 2. c4 dxc4 3. Nf3 Nf6 4. e3 Bg4 5. Bxc4 e6 6. h3 Bh5 7. Nc3 a6 8. Be2 Nc6 9. O-O Bd6 10. b3 O-O 11. Bb2 Qe7 12. Nd2 Bxe2 13. Qxe2 Ba3 14. Bxa3 Qxa3 15. Rac1 Qe7 16. Nde4 Nxe4 17. Nxe4 Nb4 18. Nc5 c6 19. a3 Nd5 20. b4 Rad8 21. Qb2 Qc7 22. a4 Qb6 23. Rb1 Rfe8 24. Rfc1 Ra8 25. Nd3 Qd8 26. Rc5 Nb6 27. Ra1 Nd7 28. Rc3 Qb6 29. Rb3 Red8 30. Re1 h6 31. Nc5 Nf6 32. Qb1 Nd5 33. Nd3 Nf6 34. Ne5 Rd5 35. Nc4 Qd8 36. Ne5 Qb6 37. Qc2 Nd7 38. Nc4 Qd8 39. Reb1 Nb6 40. Na5 Rd7 41. R3b2 Qc7 1/2-1/2

[Event "otb"]
[Site "otb"]
[Date "2007.05.01"]
[Round "4"]
[White "Drazic Sinisa"]
[Black "Romanishin Oleg M"]
[Result "1/2-1/2"]
[WhiteElo "2467"]
[BlackElo "2542"]
[PlyCount "36"]
[Source "www.chesslib.no"]
[SourceDate "2004.05.04"]

1. d4 Nf6 2. Nf3 d5 3. c4 dxc4 4. e3 Bg4 5. Bxc4 e6 6. h3 Bh5 7. O-O a6 8. b3 c5 9. Be2 Nc6 10. Bb2 Rc8 11. Nbd2 Be7 12. dxc5 Bxc5 13. Rc1 Be7 14. Nd4 Bxe2 15. Qxe2 Nxd4 16. Bxd4 O-O 17. Nc4 b5 18. Ne5 Qd5 1/2-1/2

[Event "ISR-chT"]
[Site "Israel"]
[Date "1999.05.08"]
[Round "11"]
[White "Mikhalevski, Alexander"]
[Black "Zilberman, Yaacov"]
[Result "1/2-1/2"]
[WhiteElo "2495"]
[BlackElo "2513"]
[PlyCount "54"]
[EventDate "1999.01.??"]
[Source "www.chesslib.no"]
[SourceDate "2004.05.04"]

1. d4 d5 2. c4 dxc4 3. Nf3 Nf6 4. e3 Bg4 5. h3 Bh5 6. Bxc4 e6 7. Nc3 a6 8. g4 Bg6 9. Ne5 Nbd7 10. Nxg6 hxg6 11. g5 Nd5 12. Nxd5 exd5 13. Bxd5 c6 14. Bc4 Nb6 15. Be2 Qxg5 16. Qb3 Qd5 17. Qxd5 Nxd5 18. Kf1 Rd8 19. Kg2 Bd6 20. a3 f5 21. Bd2 Kf7 22. b4 Rhe8 23. Rhb1 Nf4+ 24. Kf1 Nxe2 25. Kxe2 Rh8 26. Rh1 Rh4 27. a4 Rd7 1/2-1/2

[Event "Baden-Baden"]
[Site "Baden-Baden"]
[Date "1981.??.??"]
[Round "?"]
[White "Borik, Otto"]
[Black "Hort, Vlastimil"]
[Result "0-1"]
[WhiteElo "2410"]
[BlackElo "2595"]
[PlyCount "76"]
[EventDate "1981.07.??"]
[Source "ChessBase"]

1. Nf3 d5 2. d4 Nf6 3. c4 dxc4 4. e3 Bg4 5. Bxc4 e6 6. h3 Bh5 7. Nc3 a6 8. O-O Nc6 9. Be2 Bd6 10. Kh1 O-O 11. e4 Bxf3 12. Bxf3 e5 13. dxe5 Bxe5 14. g3 Re8 15. Nd5 Nxd5 16. exd5 Nd4 17. Bg2 Qf6 18. f4 Bd6 19. Qd3 Ne2 20. Rf2 Qg6 21. Qxg6 hxg6 22. Kh2 g5 23. Bd2 gxf4 24. gxf4 g5 25. Kh1 Bxf4 26. Bxf4 Nxf4 27. h4 Rad8 28. Bf3 Kg7 29. Rc2 Re3 30. Rf1 Rh8 31. Rxc7 g4 32. Bg2 Rxh4+ 33. Kg1 g3 34. Bf3 Rh2 35. Bg4 Rg2+ 36. Kh1 Rd2 37. Kg1 g2 38. Rfc1 Rh3 0-1

[Event "Skanska Open"]
[Site "Pardubice"]
[Date "2004.07.25"]
[Round "3"]
[White "Jankovic, Alojzije"]
[Black "Stocek, Jiri"]
[Result "0-1"]
[WhiteElo "2444"]
[BlackElo "2557"]
[PlyCount "126"]
[EventDate "2004.07.23"]
[Source "Roberto Alvarez"]
[SourceDate "2004.08.10"]

1. d4 Nf6 2. Nf3 d5 3. c4 dxc4 4. e3 Bg4 5. Bxc4 e6 6. O-O a6 7. Nc3 Nc6 8. h3 Bh5 9. Be2 Bd6 10. Nd2 Bg6 11. a3 Qd7 12. b4 e5 13. d5 Ne7 14. e4 O-O 15. Bb2 Rad8 16. Bf3 c6 17. Re1 cxd5 18. exd5 Rfe8 19. Nc4 Nf5 20. Ne4 Nxe4 21. Bxe4 f6 22. Qg4 Ne7 23. Qxd7 Rxd7 24. Bxg6 Nxg6 25. g3 Red8 26. Nb6 Rc7 27. Rac1 Ne7 28. Kg2 Kf7 29. Bc3 Nc8 30. Na8 Rcd7 31. a4 Be7 32. b5 axb5 33. Ba5 Rg8 34. axb5 Rxd5 35. Nc7 Rc5 36. Rxc5 Bxc5 37. Rd1 Bd6 38. Nd5 Re8 39. h4 Ke6 40. Nc7+ Bxc7 41. Bxc7 Re7 42. b6 Rd7 43. Ra1 Nd6 44. Ra7 Kd5 45. h5 Kc6 46. Ra1 Nc4 47. Rc1 Rd4 48. Kf3 h6 49. Kg2 Kc5 50. Kg1 Rd2 51. Ra1 Nxb6 52. Rb1 Nd5 53. Bxe5 fxe5 54. Rxb7 Nf6 55. Rc7+ Kb6 56. Rxg7 Rd6 57. g4 Ne4 58. Re7 Ng5 59. Kg2 e4 60. Re5 Rf6 61. Rd5 Kc6 62. Ra5 Kd6 63. Ra6+ Ke5 0-1

[Event "Tournament"]
[Site "Tashkent (Uzbekistan)"]
[Date "1983.??.??"]
[Round "?"]
[White "Magerramov, Elmar"]
[Black "Agzamov, Georgy T"]
[Result "0-1"]
[WhiteElo "2435"]
[BlackElo "2535"]
[PlyCount "140"]
[EventDate "1983.??.??"]
[Source "www.chesslib.no"]
[SourceDate "2004.05.04"]

1. d4 d5 2. c4 dxc4 3. Nf3 Nf6 4. e3 Bg4 5. Bxc4 e6 6. Nc3 a6 7. O-O Nc6 8. Be2 Bd6 9. h3 Bh5 10. b3 O-O 11. Bb2 Qe7 12. a3 Rad8 13. b4 Na7 14. Qb3 c6 15. Rfd1 Nb5 16. Na4 Ne4 17. Qc2 f5 18. Nc5 Bxf3 19. Bxf3 Nxc5 20. bxc5 Bb8 21. Qb3 Kh8 22. Rab1 Rd7 23. a4 Na7 24. Re1 e5 25. dxe5 Bxe5 26. Bxe5 Qxe5 27. Red1 Rc7 28. Qc4 Nc8 29. Rd4 Ne7 30. Rd6 g6 31. Rbd1 Ng8 32. R1d4 Re7 33. g3 Nf6 34. Bg2 Rff7 35. Qb4 Kg7 36. Rd8 Re8 37. Rxe8 Qxe8 38. Rd6 Qe5 39. Bf3 Re7 40. Kg2 Ne8 41. Rd8 Nf6 42. a5 g5 43. g4 fxg4 44. hxg4 h6 45. Qd4 Re8 46. Rxe8 Qxe8 47. Qd6 Kf7 48. Be2 Qe6 49. Qd4 Qe4+ 50. Kg3 Qe7 51. Bc4+ Kg7 52. Bd3 Qc7+ 53. Kg2 Qxa5 54. Qd6 Qa2 55. Bf5 Qd5+ 56. e4 Qxd6 57. cxd6 a5 58. e5 Kf7 59. Bc8 Nd5 60. e6+ Ke8 61. Bxb7 Nb4 62. e7 a4 63. Bc8 Nd5 64. Bb7 Nb4 65. Bc8 Nd5 66. Kg3 a3 67. Be6 Nf4 68. Bc4 Nd5 69. f4 Kd7 70. Kf3 Nf6 0-1

[Event "Graz Open"]
[Site "Graz AUT"]
[Date "1995.??.??"]
[Round "8"]
[White "Kumaran, Dharshan"]
[Black "Skomorokhin, Roman"]
[Result "1-0"]
[WhiteElo "2505"]
[BlackElo "2465"]
[PlyCount "57"]
[EventDate "1995.09.??"]
[Source "www.chesslib.no"]
[SourceDate "2004.05.04"]

1. d4 d5 2. c4 dxc4 3. Nf3 a6 4. e3 e6 5. Bxc4 c5 6. Qe2 b5 7. Bd3 Nd7 8. O-O Ngf6 9. a4 b4 10. Nbd2 Bb7 11. a5 cxd4 12. exd4 Nd5 13. Nc4 Be7 14. Nfe5 N7f6 15. Qf3 Qb8 16. Qh3 Qa7 17. Bg5 Qxd4 18. Rfd1 Qa7 19. Bg6 O-O 20. Bxf7+ Rxf7 21. Qxe6 Raf8 22. Nxf7 Bc8 23. Nh6+ Kh8 24. Qe5 gxh6 25. Bxh6 Rd8 26. Nb6 Bb7 27. Bg5 Kg7 28. Rac1 Qb8 29. Rxd5 1-0

[Event "Cappelle op"]
[Site "Cappelle la Grande"]
[Date "1999.??.??"]
[Round "9"]
[White "Summerscale, Aaron"]
[Black "Zilberman, Yaacov"]
[Result "1/2-1/2"]
[WhiteElo "2440"]
[BlackElo "2516"]
[PlyCount "90"]
[EventDate "1999.02.??"]
[Source "www.chesslib.no"]
[SourceDate "2004.05.04"]

1. d4 d5 2. c4 dxc4 3. Nf3 Nf6 4. e3 Bg4 5. h3 Bh5 6. Bxc4 e6 7. Nc3 a6 8. O-O Nc6 9. Be2 Bd6 10. Nd2 Bxe2 11. Qxe2 O-O 12. Nde4 Nxe4 13. Nxe4 Qd7 14. b3 Ne7 15. Bb2 Nd5 16. Rac1 Be7 17. Nc3 a5 18. Na4 f5 19. Nc5 Bxc5 20. dxc5 a4 21. Qc4 axb3 22. axb3 Ra2 23. Be5 Qc6 24. Qd4 Rf7 25. Ra1 Rxa1 26. Rxa1 h6 27. e4 Nf6 28. exf5 exf5 29. Ra8+ Kh7 30. Bxf6 Qxf6 31. Qxf6 Rxf6 32. Rb8 Rc6 33. b4 b6 34. cxb6 cxb6 35. b5 Re6 36. f4 g5 37. Kf2 Kg6 38. Rd8 gxf4 39. Kf3 Kg5 40. h4+ Kxh4 41. Kxf4 Rg6 42. Rd1 Rg4+ 43. Kxf5 Rg5+ 44. Kf4 Kh5 45. Rd6 Rxg2 1/2-1/2

[Event "Open"]
[Site "?"]
[Date "1999.??.??"]
[Round "?"]
[White "Daly Colm"]
[Black "Baburin Alexander"]
[Result "0-1"]
[WhiteElo "2369"]
[BlackElo "2586"]
[PlyCount "41"]
[EventDate "1999.??.??"]
[Source "www.chesslib.no"]
[SourceDate "2004.05.04"]

1. d4 d5 2. c4 dxc4 3. Nf3 a6 4. e3 e6 5. Bxc4 c5 6. dxc5 Bxc5 7. b3 Nf6 8. Bb2 Nbd7 9. Nbd2 b5 10. Bd3 Bb7 11. Ke2 Bd6 12. Bb1 Ke7 13. g3 g6 14. e4 Nc5 15. a3 a5 16. Nf1 g5 17. a4 b4 18. g4 Bd5 19. exd5 Nxb3 20. Ne3 Kd7 21. Nd4 0-1